000 00626nam a2200193Ia 4500
003 GCL
008 140319s9999 xx 000 0 ara d
040 _aGCL /
_cGCL
082 0 4 _a813.01
_bم م
100 1 _aمحمد طميلة
245 1 0 _aالمتحمسون الاوغاد /
_cمحمد طميلة
300 _a75 ص
490 _aالهيئة العامة للاستعلامات
_v0
650 0 4 _aالادب العربى
650 0 4 _aالقصة العربية المترجمة
650 0 4 _aالقصة العربية - تاريخ ونقد
650 0 4 _aالقصة العربية القصيرة
942 _2ddc
_cBK
999 _c46917
_d46917